Annual Report 2017,របាយការណ៍ប្រចាំឆ្នាំ ២០១៧ (Record no. 22133)

000 -LEADER
fixed length control field 00379nam a22001217a 4500
040 ## - CATALOGING SOURCE
Transcribing agency RUA
082 ## - DEWEY DECIMAL CLASSIFICATION NUMBER
Classification number ANN OUK 2017 C011 Or.
100 ## - MAIN ENTRY--AUTHOR NAME
Personal name OUK MAKARA,អ៊ុក ម៉ាការា
245 ## - TITLE STATEMENT
Title Annual Report 2017,របាយការណ៍ប្រចាំឆ្នាំ ២០១៧
260 ## - PUBLICATION, DISTRIBUTION, ETC. (IMPRINT)
Place of publication phnom penh
Name of publisher rua
Year of publication 2017
300 ## - PHYSICAL DESCRIPTION
Number of Pages v.164p.
Other physical details ill.
Dimensions 29cm.
942 ## - ADDED ENTRY ELEMENTS (KOHA)
Koha item type ឯកសារស្រាវជ្រាវ

No items available.

មជ្ឈមណ្ឌលឯការនៃសាកលវិទ្យាល័យភូមិន្ទកសិកម្មចំការដូង

Powered by Koha